000 00887cam a2200229 a 4500
001 000004981
005 20200929151541.0
008 980812s1994 cu a b 001 p spa d
020 _a9590200532
040 _aDO-SdBNP
_cFUG
_dDLC
082 _aCu861.44
_bL864s
100 1 _aLópez Lemus, Virgilio,
_d1946-
_914374
245 1 0 _aSamuel o la abeja :
_bestudio de la poética de Samuel Feijóo /
_cVirgilio López Lemus.
260 _aLa Habana :
_bAcademia,
_c1994.
300 _a162 p. :
_bil. ;
_c23 cm.
504 _aIncluye referencias bibliográficas (p. 153-161).
600 1 0 _aFEIJÓO, SAMUEL,
_d1914-
_xCRÍTICA E INTERPRETACIÓN
_914381
650 4 _aPoesía cuabana
_xCrítica e interpretación
_ySIGLO XX
_914382
650 4 _aLiteratura cuabana
_xCrítica e interpretación
_ySIGLO XX
_914383
650 4 _aLiteratura latinoamericana
_94717
910 _aCatalogación por copia / LC
999 _c4787
_d4787